[Event "Kurnosov Memorial 2020"]
[Site "?"]
[Date "2020.09.05"]
[Round "9.9"]
[White "Demchenko, Anton"]
[Black "Aleksandrov, Aleksej"]
[Result "1/2-1/2"]
[WhiteElo "2631"]
[BlackElo "2549"]
[PlyCount "39"]
[EventDate "2020.??.??"]

1. d4 Nf6 2. Nf3 d5 3. Bf4 c5 4. e3 e6 5. Nbd2 Bd6 6. dxc5 Bxc5 7. c4 O-O 8.
Bd3 dxc4 9. Bxc4 b6 10. O-O Bb7 11. Qe2 Bd6 12. Bg5 Nbd7 13. Rfd1 Rc8 14. e4
Ne5 15. Ba6 Bxa6 16. Qxa6 Qc7 17. Bxf6 gxf6 18. g3 Rfd8 19. Kg2 Bb4 20. Nf1
1/2-1/2

[Event "Kurnosov Memorial 2020"]
[Site "?"]
[Date "2020.09.05"]
[Round "9.10"]
[White "Lysyj, Igor"]
[Black "Stupak, Kirill"]
[Result "1-0"]
[WhiteElo "2626"]
[BlackElo "2537"]
[PlyCount "133"]
[EventDate "2020.??.??"]

1. d4 Nf6 2. c4 e6 3. Nf3 b6 4. g3 Bb7 5. Bg2 Be7 6. O-O O-O 7. Nc3 Ne4 8. Qc2
Nxc3 9. Qxc3 a5 10. Rd1 d6 11. Qd3 f5 12. Qe3 Qc8 13. Bd2 Bf6 14. Rac1 Be4 15.
g4 Nc6 16. g5 Be7 17. d5 Nd8 18. h4 e5 19. Bh3 f4 20. Qxe4 Qxh3 21. Rc3 Qg4+
22. Kh2 Nb7 23. Rg1 Qh5 24. Kh3 Nc5 25. Qc2 e4 26. Nd4 h6 27. Ne6 Nxe6 28. dxe6
e3 29. Be1 f3 30. Rxe3 Rf4 31. exf3 Qxh4+ 32. Kg2 Rxc4 33. Bc3 Bxg5 34. Qg6
Rxc3 35. Rxc3 c5 36. Qf7+ Kh8 37. Rh1 Qf4 38. Qxf4 Bxf4 39. Rb3 Re8 40. Re1 Be5
41. Rxb6 Rxe6 42. Re4 Rf6 43. b3 Kh7 44. Ra6 Bc3 45. Re7 h5 46. Rd7 Rg6+ 47.
Kh3 Rf6 48. Raxd6 Rxf3+ 49. Kg2 Rf4 50. Rd5 Bd4 51. f3 Kh6 52. R7d6+ g6 53. Ra6
Rf7 54. Rdd6 Rg7 55. Re6 Bc3 56. f4 Kh7 57. Kf3 Bd2 58. Red6 Bb4 59. f5 Rf7 60.
Rxg6 Rxf5+ 61. Ke4 Rf2 62. Rgc6 Rf7 63. Rh6+ Kg7 64. Rag6+ Kf8 65. Rxh5 Re7+
66. Re5 Rd7 67. Rf5+ 1-0

[Event "Kurnosov Memorial 2020"]
[Site "?"]
[Date "2020.09.05"]
[Round "9.12"]
[White "Paravyan, David"]
[Black "Ponkratov, Pavel"]
[Result "0-1"]
[WhiteElo "2606"]
[BlackElo "2683"]
[PlyCount "52"]
[EventDate "2020.??.??"]

1. e4 h6 2. d4 e6 3. Bd3 d5 4. e5 c5 5. c3 Nc6 6. Ne2 Qb6 7. O-O Bd7 8. dxc5
Qc7 9. f4 Bxc5+ 10. Kh1 Nge7 11. b4 Bb6 12. Na3 a6 13. Nc2 O-O 14. a4 f6 15. a5
Ba7 16. exf6 Rxf6 17. Bb2 e5 18. c4 dxc4 19. Bxc4+ Kh8 20. Ng3 Bf5 21. fxe5
Nxe5 22. Rc1 Raf8 23. Nh5 Ng4 24. Rf4 Qxf4 25. Nxf4 Nf2+ 26. Kg1 Nxd1+ 0-1

[Event "Kurnosov Memorial 2020"]
[Site "?"]
[Date "2020.09.06"]
[Round "10.1"]
[White "Demidov, Mikhail"]
[Black "Matlakov, Maxim"]
[Result "1-0"]
[WhiteElo "2636"]
[BlackElo "2660"]
[PlyCount "85"]
[EventDate "2020.??.??"]

1. d4 d5 2. c4 e6 3. Nf3 Nf6 4. e3 Be7 5. Nc3 O-O 6. Bd3 dxc4 7. Bxc4 a6 8. a4
c5 9. O-O Nc6 10. Re1 b6 11. d5 exd5 12. Nxd5 Nxd5 13. Bxd5 Bb7 14. e4 Qc7 15.
Bd2 Rad8 16. Bc3 Nb4 17. Bxb4 cxb4 18. Qb3 Bxd5 19. exd5 Bc5 20. Rad1 a5 21. g3
Rfe8 22. Kg2 h6 23. Rxe8+ Rxe8 24. Qd3 Qd6 25. b3 Qg6 26. Qb5 Rd8 27. Qc4 Qf5
28. Rd2 Rd6 29. Qd3 Qf6 30. Qe2 Rd8 31. Qe5 Qxe5 32. Nxe5 Kf8 33. f4 f6 34. Nc6
Rc8 35. Re2 Rc7 36. Kf3 Rd7 37. Rd2 Kf7 38. Ke4 h5 39. f5 g6 40. h3 Bd6 41. g4
h4 42. Kd4 Bc5+ 43. Ke4 1-0

[Event "Kurnosov Memorial 2020"]
[Site "?"]
[Date "2020.09.06"]
[Round "10.2"]
[White "Artemiev, Vladislav"]
[Black "Sjugirov, Sanan"]
[Result "1-0"]
[WhiteElo "2769"]
[BlackElo "2640"]
[PlyCount "53"]
[EventDate "2020.??.??"]

1. c4 Nf6 2. Nf3 e6 3. Nc3 d5 4. e3 b6 5. b3 Bb7 6. Bb2 a6 7. g3 Nbd7 8. cxd5
exd5 9. Bg2 Bd6 10. O-O O-O 11. Rc1 Re8 12. Ne2 Rc8 13. Nfd4 c5 14. Nf5 Bf8 15.
d4 g6 16. Nh4 Bg7 17. dxc5 bxc5 18. Nf3 a5 19. Nf4 Nb6 20. Qd3 c4 21. Qb1 Ba6
22. Rfd1 cxb3 23. axb3 Rxc1 24. Qxc1 Bb7 25. Qa1 Nbd7 26. Bd4 Qa8 27. Bh3 1-0

[Event "Kurnosov Memorial 2020"]
[Site "?"]
[Date "2020.09.06"]
[Round "10.3"]
[White "Vitiugov, Nikita"]
[Black "Lysyj, Igor"]
[Result "1/2-1/2"]
[WhiteElo "2616"]
[BlackElo "2626"]
[PlyCount "32"]
[EventDate "2020.??.??"]

1. d4 Nf6 2. c4 e6 3. Nf3 d5 4. Nc3 c5 5. Bg5 cxd4 6. Nxd4 dxc4 7. e3 Be7 8.
Bxc4 Bd7 9. O-O O-O 10. Qe2 Nc6 11. Rfd1 Nxd4 12. Rxd4 Qc7 13. Bb5 Bxb5 14.
Qxb5 a6 15. Qb3 Rac8 16. Rad1 Rfd8 1/2-1/2

[Event "Kurnosov Memorial 2020"]
[Site "?"]
[Date "2020.09.06"]
[Round "10.4"]
[White "Sarana, Alexey"]
[Black "Fedoseev, Vladimir"]
[Result "1-0"]
[WhiteElo "2618"]
[BlackElo "2714"]
[PlyCount "141"]
[EventDate "2020.??.??"]

1. d4 d5 2. c4 c6 3. Nf3 Nf6 4. Nc3 dxc4 5. a4 Bf5 6. Ne5 Nbd7 7. Nxc4 Nb6 8.
e3 e6 9. Qb3 Be7 10. f3 Bg6 11. a5 Nxc4 12. Bxc4 Rb8 13. O-O b5 14. axb6 axb6
15. Rd1 b5 16. Bf1 Qb6 17. e4 O-O 18. Be3 Ra8 19. Rac1 Rfd8 20. Ne2 Qb7 21. Nf4
Rac8 22. Nd3 Nd7 23. Qc3 f5 24. Nf4 Bf7 25. b4 fxe4 26. fxe4 Nf6 27. e5 Ng4 28.
Rb1 c5 29. dxc5 Qe4 30. Rxd8+ Rxd8 31. Re1 Nxe3 32. Qxe3 Qxb4 33. Rc1 Rc8 34.
c6 Qa5 35. g3 b4 36. Bh3 Bg5 37. Bg4 Qa4 38. Bd1 Qb5 39. Be2 Qa5 40. h4 Bd8 41.
Kh2 Bb6 42. Qe4 b3 43. Rb1 Qc3 44. Bc4 b2 45. Kh3 Bc7 46. Nd3 Rd8 47. Nxb2 Rd4
48. Qe1 Qc2 49. Bd3 Qxc6 50. Rc1 Qd7 51. Qe2 Bd8 52. Bb5 Qb7 53. Rd1 Bb6 54.
Nc4 Rxd1 55. Qxd1 Bc7 56. Nd6 Qd5 57. Qxd5 exd5 58. Kg4 Be6+ 59. Kf4 Kf8 60.
Bd3 h6 61. Bf5 Ke7 62. Nb5 Bb6 63. g4 Bg1 64. Bxe6 Kxe6 65. Nc7+ Kd7 66. Nxd5
Ke6 67. Ke4 Bh2 68. Nf4+ Kf7 69. Kf5 Bg3 70. h5 Bh4 71. Nd5 1-0

[Event "Kurnosov Memorial 2020"]
[Site "?"]
[Date "2020.09.06"]
[Round "10.5"]
[White "Ponkratov, Pavel"]
[Black "Khanin, Semen"]
[Result "1/2-1/2"]
[WhiteElo "2683"]
[BlackElo "2579"]
[PlyCount "68"]
[EventDate "2020.??.??"]

1. c4 e5 2. Nc3 Nf6 3. e3 Bb4 4. Nge2 O-O 5. a3 Be7 6. d4 exd4 7. Qxd4 c6 8.
Nf4 Na6 9. Qd1 Nc7 10. e4 d5 11. cxd5 cxd5 12. exd5 Bd6 13. Be2 Bxf4 14. Bxf4
Ncxd5 15. Nxd5 Nxd5 16. Bg3 Be6 17. Qd4 Nf6 18. Qb4 a5 19. Qb5 Ne4 20. Rd1 Qf6
21. O-O Nxg3 22. fxg3 Qe7 23. Bf3 h6 24. Rf2 Rfd8 25. Rxd8+ Qxd8 26. Qxb7 Rc8
27. Rf1 Rb8 28. Qa7 Rxb2 29. Rd1 Rd2 30. Rb1 Qd4+ 31. Qxd4 Rxd4 32. Rd1 Rxd1+
33. Bxd1 Kf8 34. Kf2 Ke7 1/2-1/2

[Event "Kurnosov Memorial 2020"]
[Site "?"]
[Date "2020.09.06"]
[Round "10.6"]
[White "Rakhmanov, Aleksandr"]
[Black "Afanasiev, Nikita"]
[Result "1-0"]
[WhiteElo "2665"]
[BlackElo "2565"]
[PlyCount "183"]
[EventDate "2020.??.??"]

1. Nf3 d5 2. g3 Nf6 3. Bg2 Nc6 4. d4 Bf5 5. O-O Nb4 6. Na3 e6 7. Ne5 Be7 8. c3
Na6 9. Qb3 Qc8 10. Bf4 O-O 11. Rac1 c6 12. Nc2 h6 13. c4 Rd8 14. Rfd1 Bh7 15.
Bh3 Bf5 16. Bg2 Bh7 17. h4 Be4 18. Bh3 Nc7 19. Nb4 dxc4 20. Nxc4 Ncd5 21. Bd2
Nxb4 22. Bxb4 Bxb4 23. Qxb4 Qc7 24. Qa5 Qxa5 25. Nxa5 Rd7 26. Nb3 Rad8 27. f3
Bh7 28. e4 Kf8 29. Kf2 Ke7 30. Ke3 Rc7 31. Na5 Rdc8 32. b4 Nd7 33. Nc4 Nb6 34.
Na5 Nd7 35. Rd3 f6 36. Rdc3 Bg8 37. a3 Bf7 38. f4 a6 39. Bg2 Nb6 40. Bf3 Rd8
41. Nb3 Na4 42. Rd3 Rcd7 43. Nc5 Nxc5 44. Rxc5 Be8 45. a4 Rd6 46. a5 R6d7 47.
h5 Bf7 48. g4 Rd6 49. Rd2 R6d7 50. Be2 Rd6 51. Bc4 R6d7 52. Be2 Rd6 53. Bf1
R6d7 54. Bg2 Rd6 55. Bh3 R6d7 56. Bg2 Rd6 57. Bf3 R6d7 58. Rd1 Rd6 59. Be2 R6d7
60. Rd3 Rd6 61. Rd2 R6d7 62. Rd1 Rd6 63. g5 hxg5 64. fxg5 e5 65. gxf6+ gxf6 66.
d5 cxd5 67. exd5 f5 68. Bf3 Kf6 69. Rc7 R8d7 70. Rxd7 Rxd7 71. Rg1 e4 72. Be2
Rxd5 73. h6 Rd8 74. Kf4 Rh8 75. Rh1 Rh7 76. b5 axb5 77. Bxb5 Be6 78. Rh2 Bf7
79. Ba4 Kg6 80. Rg2+ Kf6 81. Rh2 Kg6 82. Bd7 Rxh6 83. Bxf5+ Kg7 84. Rxh6 Kxh6
85. Bxe4 Bc4 86. Bxb7 Kg6 87. Ke5 Be2 88. Bd5 Kg7 89. Kd4 Kf6 90. Bc4 Bg4 91.
a6 Ke7 92. a7 1-0

[Event "Kurnosov Memorial 2020"]
[Site "?"]
[Date "2020.09.06"]
[Round "10.7"]
[White "Kokarev, Dmitry"]
[Black "Faizrakhmanov, Ramil"]
[Result "0-1"]
[WhiteElo "2648"]
[BlackElo "2472"]
[PlyCount "94"]
[EventDate "2020.??.??"]

1. e4 c6 2. d4 d5 3. Nc3 dxe4 4. Nxe4 Bf5 5. Ng3 Bg6 6. h4 h6 7. Nf3 Nd7 8. h5
Bh7 9. Bd3 Bxd3 10. Qxd3 e6 11. Bd2 Ngf6 12. O-O-O Be7 13. Nf1 c5 14. Ne3 cxd4
15. Qxd4 Nc5 16. Bc3 Qxd4 17. Bxd4 Nce4 18. Nc4 Rc8 19. Nfe5 O-O 20. g4 Nxg4
21. Nxg4 Rxc4 22. Ne5 Rcc8 23. Rhg1 Bg5+ 24. Kb1 Rfd8 25. Nf3 b6 26. Nxg5 Nxg5
27. Be3 f6 28. a4 Kf7 29. a5 bxa5 30. Bxa7 Nf3 31. Rxd8 Rxd8 32. Rg3 Nd2+ 33.
Kc1 Rd7 34. Bb8 Ne4 35. Ra3 Nxf2 36. b3 Rd5 37. Bc7 Rxh5 38. Bxa5 g5 39. Bb6
Rh1+ 40. Kd2 Ne4+ 41. Kd3 f5 42. Bd4 g4 43. Ra7+ Kg6 44. Re7 g3 45. Rxe6+ Kg5
46. Re8 Rd1+ 47. Ke3 Re1+ 0-1

[Event "Kurnosov Memorial 2020"]
[Site "?"]
[Date "2020.09.06"]
[Round "10.8"]
[White "Zvjaginsev, Vadim"]
[Black "Predke, Alexandr"]
[Result "1-0"]
[WhiteElo "2585"]
[BlackElo "2645"]
[PlyCount "86"]
[EventDate "2020.??.??"]

1. Nf3 d5 2. g3 Nf6 3. Bg2 c6 4. O-O Bg4 5. h3 Bxf3 6. exf3 e6 7. f4 Be7 8. d4
O-O 9. Nd2 c5 10. dxc5 Bxc5 11. c4 Nc6 12. Nb3 Bb6 13. c5 Bc7 14. Be3 Re8 15.
Qd2 a5 16. Nd4 e5 17. fxe5 Bxe5 18. Rad1 Ne4 19. Bxe4 dxe4 20. Nxc6 bxc6 21. b3
Qf6 22. Qd7 h5 23. Bd4 Bxd4 24. Qxd4 Qf5 25. Rfe1 Re6 26. Re3 Rae8 27. Rde1 Re5
28. h4 R8e6 29. Qd8+ Kh7 30. Qxa5 Rxc5 31. Qd2 Rd5 32. Qe2 Rd4 33. a4 Qd5 34.
Qc2 f5 35. R3e2 f4 36. Rxe4 Rexe4 37. f3 Rd3 38. Rxe4 Rd2 39. Qc3 fxg3 40. Re7
Rd4 41. Kg2 Qd6 42. Re2 Rxh4 43. Qe5 Qg6 1-0

[Event "Kurnosov Memorial 2020"]
[Site "?"]
[Date "2020.09.06"]
[Round "10.9"]
[White "Drygalov, Andrey"]
[Black "Demchenko, Anton"]
[Result "0-1"]
[WhiteElo "2519"]
[BlackElo "2631"]
[PlyCount "104"]
[EventDate "2020.??.??"]

1. e4 e5 2. Nf3 Nc6 3. Bc4 Nf6 4. d3 Be7 5. O-O O-O 6. Re1 d6 7. a4 Be6 8. Nbd2
Qd7 9. c3 a6 10. Bxe6 fxe6 11. Nf1 h6 12. Ng3 a5 13. d4 exd4 14. Nxd4 Rf7 15.
Qb3 Nxd4 16. cxd4 b6 17. Bd2 Raf8 18. f3 Nh7 19. Qb5 Qd8 20. Qb3 Bg5 21. f4
Bxf4 22. Bxf4 Rxf4 23. Qxe6+ R4f7 24. Rf1 Qe7 25. Qxe7 Rxe7 26. Rxf8+ Kxf8 27.
Kf2 Nf6 28. Re1 c5 29. d5 g6 30. h3 Rb7 31. e5 dxe5 32. Rxe5 Re7 33. Rxe7 Kxe7
34. Ke3 Nxd5+ 35. Ke4 Ke6 36. Nf1 Nf6+ 37. Kd3 Ne8 38. Ne3 Nd6 39. b3 h5 40.
Kc3 h4 41. Kd3 Ke5 42. Nd1 Kf4 43. Nc3 Kg3 44. Nd5 Kxg2 45. Nf4+ Kg3 46. Nxg6
Kxh3 47. Ke3 Kg3 48. Nf4 h3 49. Ne2+ Kg4 50. Kf2 Ne4+ 51. Kg1 Kf3 52. Nc1 Ke3
0-1

[Event "Kurnosov Memorial 2020"]
[Site "?"]
[Date "2020.09.06"]
[Round "10.10"]
[White "Esipenko, Andrey"]
[Black "Aleksandrov, Aleksej"]
[Result "1/2-1/2"]
[WhiteElo "2629"]
[BlackElo "2549"]
[PlyCount "166"]
[EventDate "2020.??.??"]

1. d4 d5 2. c4 e6 3. Nc3 Nf6 4. cxd5 exd5 5. Bg5 c6 6. e3 h6 7. Bh4 Be7 8. Bd3
O-O 9. Qc2 Re8 10. Nf3 Nbd7 11. O-O Ne4 12. Bxe7 Qxe7 13. b4 a6 14. a4 Ndf6 15.
b5 axb5 16. axb5 Rxa1 17. Rxa1 c5 18. dxc5 Nxc5 19. Bf1 Be6 20. Nd4 Rc8 21. Qb2
Nfe4 22. Rc1 Nxc3 23. Rxc3 Bd7 24. h3 Qd6 25. Be2 Ra8 26. Rc1 Na4 27. Qd2 Nb6
28. Bd3 g6 29. Bf1 Rd8 30. Rc2 h5 31. Qc1 Rc8 32. Rxc8+ Bxc8 33. Be2 Bd7 34.
Qc3 Be8 35. Nf3 Bd7 36. Qd4 Be6 37. Ng5 Nd7 38. Qa7 b6 39. Nf3 Qb8 40. Qa3 Nc5
41. Nd4 Qb7 42. Bf3 Qb8 43. Nxe6 fxe6 44. h4 Kf7 45. g3 Kg7 46. Qa1+ Kf7 47.
Qd4 Qd6 48. e4 e5 49. Qxd5+ Qxd5 50. exd5 Ke7 51. Bd1 Kd6 52. Bc2 e4 53. f3
Kxd5 54. Kf2 Kd4 55. fxe4 Ke5 56. Ke3 Nb7 57. Bb1 Nd6 58. Bd3 Nf7 59. Kf3 Kf6
60. Kf4 Ne5 61. Be2 Nd7 62. Bc4 Ne5 63. Bf1 Nf7 64. Be2 Ne5 65. Ke3 Ke6 66. Bd1
Nc4+ 67. Kd4 Ne5 68. Bb3+ Kd6 69. Bd5 Ng4 70. Bc4 Ne5 71. Bf1 Nf7 72. Bh3 Ne5
73. Ke3 Ke7 74. Kf4 Kf6 75. Bf1 Ng4 76. Bc4 Ne5 77. Ba2 Ng4 78. e5+ Nxe5 79.
Ke4 Nd7 80. Kd5 Nc5 81. Bb1 g5 82. Bc2 gxh4 83. gxh4 Ne6 1/2-1/2

[Event "Kurnosov Memorial 2020"]
[Site "?"]
[Date "2020.09.06"]
[Round "10.11"]
[White "Iljiushenok, Ilia"]
[Black "Shimanov, Aleksandr"]
[Result "1-0"]
[WhiteElo "2443"]
[BlackElo "2678"]
[PlyCount "117"]
[EventDate "2020.??.??"]

1. e4 e5 2. Nf3 Nc6 3. Bb5 Nf6 4. d3 Bc5 5. Bxc6 dxc6 6. Nbd2 O-O 7. Nc4 Nd7 8.
Ne3 Re8 9. g4 Bxe3 10. Bxe3 Nf8 11. Rg1 Qe7 12. Qd2 c5 13. O-O-O b6 14. h4 c4
15. dxc4 Bb7 16. Qe1 Qf6 17. Rg3 Bxe4 18. Bg5 Qxf3 19. Rxf3 Bxf3 20. Rd2 Ne6
21. Qg1 f6 22. Be3 Rad8 23. Qg3 Rxd2 24. Kxd2 Rd8+ 25. Kc3 Be4 26. g5 Kf7 27.
h5 Rg8 28. f4 exf4 29. Bxf4 fxg5 30. Bxg5 Re8 31. h6 Nxg5 32. Qxg5 gxh6 33.
Qf4+ Kg6 34. Qxc7 h5 35. Qxa7 Re6 36. Qd7 Bf5 37. Qd8 Be4 38. b4 Kf5 39. a4 Kg4
40. Qd1+ Kg5 41. Qg1+ Kf4 42. Qf2+ Kg4 43. Qe2+ Kg5 44. c5 bxc5 45. b5 h4 46.
a5 h3 47. a6 Kf4 48. a7 Kg3 49. Qe3+ Kg2 50. a8=Q Bxa8 51. Qxe6 Bf3 52. Qg8+
Kh1 53. Qg3 Bg2 54. Qe1+ Kh2 55. b6 Ba8 56. Qe8 Bg2 57. Qe5+ Kg1 58. Qe1+ Kh2
59. Kd2 1-0

[Event "Kurnosov Memorial 2020"]
[Site "?"]
[Date "2020.09.06"]
[Round "10.12"]
[White "Bocharov, Dmitry"]
[Black "Belyakov, Bogdan"]
[Result "1/2-1/2"]
[WhiteElo "2608"]
[BlackElo "2497"]
[PlyCount "108"]
[EventDate "2020.??.??"]

1. Nf3 Nf6 2. c4 g6 3. d4 Bg7 4. g3 O-O 5. Bg2 d6 6. O-O Nc6 7. Nc3 e5 8. dxe5
Nxe5 9. b3 Ned7 10. Bb2 Re8 11. Qc2 Nc5 12. Rad1 a5 13. Nd4 Bd7 14. a3 Qc8 15.
Rfe1 Bg4 16. b4 axb4 17. axb4 Na6 18. Qb3 Rb8 19. Nd5 Nxd5 20. cxd5 Bh3 21. Bh1
Ra8 22. Bc3 Qd7 23. Nf3 Bxc3 24. Qxc3 Qb5 25. Qf6 Qd7 26. Rd4 Bg4 27. Ng5 Qf5
28. Qxf5 Bxf5 29. Bg2 Kg7 30. Nf3 Re4 31. b5 Nc5 32. e3 Re7 33. Red1 b6 34. Rb4
Ra2 35. Nd4 Bd7 36. Rbb1 Re8 37. Ra1 Rea8 38. Rab1 R8a3 39. h3 h5 40. Rdc1 Kf6
41. Rd1 Kg7 42. Rdc1 Kf6 43. Rd1 Kg7 44. Rbc1 Rb2 45. Rc2 Raa2 46. Rxb2 Rxb2
47. Ra1 Nb3 48. Nxb3 Rxb3 49. Rc1 Bxb5 50. Rxc7 Rb1+ 51. Kh2 Rb2 52. Kg1 Rb1+
53. Kh2 Rb2 54. Kg1 Rb1+ 1/2-1/2

[Event "Kurnosov Memorial 2020"]
[Site "?"]
[Date "2020.09.06"]
[Round "11.1"]
[White "Artemiev, Vladislav"]
[Black "Demidov, Mikhail"]
[Result "1/2-1/2"]
[WhiteElo "2769"]
[BlackElo "2636"]
[PlyCount "113"]
[EventDate "2020.??.??"]

1. c4 e5 2. d3 Nc6 3. g3 Bc5 4. Nc3 d6 5. Bg2 a6 6. Nf3 Nge7 7. a3 O-O 8. b4
Ba7 9. O-O h6 10. e3 Be6 11. b5 axb5 12. cxb5 Na5 13. Rb1 c6 14. a4 Bb6 15.
bxc6 bxc6 16. Qc2 Bc7 17. d4 e4 18. Nd2 f5 19. Rd1 Qd7 20. Ba3 Ra7 21. Bf1 Rfa8
22. Bb4 Kh8 23. Rdc1 Bd8 24. Qb2 Nd5 25. Nxd5 Bxd5 26. Qc2 Nb7 27. Bc4 Rxa4 28.
Bxd5 cxd5 29. Qc6 Qxc6 30. Rxc6 Ra1 31. Rxa1 Rxa1+ 32. Kg2 Ra2 33. Rc8 Kh7 34.
Rb8 Na5 35. Ra8 Rb2 36. Bxa5 Bxa5 37. Rxa5 Rxd2 38. Rxd5 g6 39. Rxd6 Kg7 40.
Re6 Kf7 41. Re5 h5 42. h3 Kf6 43. g4 hxg4 44. hxg4 Rd1 45. Rc5 Kg5 46. Rc6 Ra1
47. gxf5 gxf5 48. Re6 Rd1 49. f3 Rd2+ 50. Kg3 Re2 51. fxe4 Rxe3+ 52. Kf2 Rxe4
53. Rxe4 fxe4 54. Ke3 Kf5 55. d5 Ke5 56. d6 Kxd6 57. Kxe4 1/2-1/2

[Event "Kurnosov Memorial 2020"]
[Site "?"]
[Date "2020.09.06"]
[Round "11.4"]
[White "Demchenko, Anton"]
[Black "Sarana, Alexey"]
[Result "1/2-1/2"]
[WhiteElo "2631"]
[BlackElo "2618"]
[PlyCount "25"]
[EventDate "2020.??.??"]

1. e4 c5 2. Nf3 d6 3. Bb5+ Nd7 4. d4 cxd4 5. Qxd4 a6 6. Bxd7+ Bxd7 7. Nc3 e5 8.
Qd3 Rc8 9. O-O h6 10. Nd2 Be6 11. Rd1 Nf6 12. Nf1 Rc4 13. Qe2 1/2-1/2

[Event "Kurnosov Memorial 2020"]
[Site "?"]
[Date "2020.09.06"]
[Round "11.6"]
[White "Sjugirov, Sanan"]
[Black "Zvjaginsev, Vadim"]
[Result "1/2-1/2"]
[WhiteElo "2640"]
[BlackElo "2585"]
[PlyCount "47"]
[EventDate "2020.??.??"]

1. c4 Nf6 2. g3 c5 3. Bg2 Nc6 4. Nf3 d5 5. cxd5 Nxd5 6. Nc3 e6 7. d4 cxd4 8.
Nxd4 Nxc3 9. bxc3 Nxd4 10. Qxd4 Qxd4 11. cxd4 Bb4+ 12. Bd2 Bxd2+ 13. Kxd2 Kd8
14. a4 Re8 15. f4 Rb8 16. a5 Re7 17. Rhb1 Rc7 18. Be4 h6 19. g4 Bd7 20. g5 hxg5
21. fxg5 Bc6 22. Bxc6 Rxc6 23. Rb3 Ke7 24. h4 1/2-1/2

[Event "Kurnosov Memorial 2020"]
[Site "?"]
[Date "2020.09.06"]
[Round "11.7"]
[White "Aleksandrov, Aleksej"]
[Black "Ponkratov, Pavel"]
[Result "1-0"]
[WhiteElo "2549"]
[BlackElo "2683"]
[PlyCount "54"]
[EventDate "2020.??.??"]

1. Nf3 c5 2. e3 g6 3. d4 Bg7 4. dxc5 Qc7 5. Nbd2 Qxc5 6. c4 Qc7 7. Rb1 Nc6 8.
b3 Nf6 9. Bb2 O-O 10. Rc1 Rd8 11. a3 a5 12. h3 e5 13. c5 d5 14. cxd6 Qxd6 15.
Bc4 Bf5 16. O-O e4 17. Ng5 Qxd2 18. Nxf7 Kf8 19. Nxd8 Rxd8 20. Bc3 Qa2 21. Qe1
Qxa3 22. Ra1 Qe7 23. Rxa5 Nd7 24. Rb5 Nde5 25. Qa1 h5 26. Bd5 Re8 27. Bxc6 Nxc6
1-0

[Event "Kurnosov Memorial 2020"]
[Site "?"]
[Date "2020.09.06"]
[Round "11.8"]
[White "Khanin, Semen"]
[Black "Esipenko, Andrey"]
[Result "0-1"]
[WhiteElo "2579"]
[BlackElo "2629"]
[PlyCount "164"]
[EventDate "2020.??.??"]

1. e4 e5 2. Nf3 Nc6 3. Bb5 a6 4. Ba4 Nf6 5. O-O Be7 6. d3 b5 7. Bb3 d6 8. a3
O-O 9. Nc3 Na5 10. Ba2 Be6 11. b4 Bxa2 12. Rxa2 Nc6 13. Bg5 Ng4 14. Bd2 Nf6 15.
Re1 Qd7 16. Nd5 Nxd5 17. exd5 Na7 18. c4 c6 19. Qb3 cxd5 20. cxd5 Nc8 21. Rc2
Bd8 22. d4 exd4 23. Nxd4 Nb6 24. Qf3 Bf6 25. Nf5 Rfe8 26. Rxe8+ Rxe8 27. Ne3
Rc8 28. Rc6 Qd8 29. Qe4 h5 30. h3 g6 31. g4 h4 32. Qc2 Bd4 33. Qe4 Bg7 34. Qc2
Bd4 35. Qd3 Be5 36. Bc3 Nd7 37. Bd2 Ra8 38. Qe4 Nf6 39. Qc2 Bd4 40. Qd3 Be5 41.
g5 Nh5 42. Ng4 Nf4 43. Bxf4 Bxf4 44. Nf6+ Kf8 45. Qd4 Bxg5 46. Ne4 Kg8 47. Rxd6
Qe7 48. Rc6 Re8 49. f3 Rd8 50. d6 Qe6 51. Rc5 Bh6 52. Kg2 Qa2+ 53. Kf1 Bg7 54.
Qd5 Qb1+ 55. Kg2 Qb2+ 56. Kf1 Qxa3 57. Rc7 Qxf3+ 58. Ke1 Re8 59. Re7 Rc8 60.
Rc7 Rxc7 61. dxc7 Bc3+ 62. Nxc3 Qxc3+ 63. Kd1 Qxc7 64. Qa8+ Kh7 65. Qxa6 Qd7+
66. Kc2 Qxh3 67. Qxb5 Qg2+ 68. Kb3 h3 69. Qc4 Qf3+ 70. Ka4 h2 71. Qh4+ Qh5 72.
Qf6 Qd1+ 73. Ka3 h1=Q 74. Qxf7+ Kh6 75. Qf4+ Kh5 76. Qe5+ g5 77. Qe8+ Kh4 78.
Qh8+ Kg4 79. Qc8+ Kg3 80. Qc7+ Kf2 81. Qc5+ Ke1 82. Qe5+ Kf1 0-1

[Event "Kurnosov Memorial 2020"]
[Site "?"]
[Date "2020.09.06"]
[Round "11.9"]
[White "Savchenko, Boris"]
[Black "Bryakin, Mikhail"]
[Result "1-0"]
[WhiteElo "2552"]
[BlackElo "2476"]
[PlyCount "65"]
[EventDate "2020.??.??"]

1. Nf3 d5 2. g3 Nf6 3. Bg2 Bf5 4. c4 e6 5. O-O c6 6. cxd5 exd5 7. d3 Bc5 8. Qb3
Bb6 9. Nc3 O-O 10. Na4 Re8 11. Nxb6 axb6 12. Bg5 Nbd7 13. Rfe1 h6 14. Be3 Bh7
15. a4 Rxe3 16. fxe3 Qe7 17. d4 Ng4 18. Ra3 Re8 19. Bh3 Nxe3 20. Qxe3 Qxe3+ 21.
Rxe3 Rxe3 22. Bxd7 Rb3 23. Bc8 c5 24. Bxb7 cxd4 25. Bxd5 Rxb2 26. Nxd4 Rb4 27.
Rc1 Bg6 28. Rc4 Rb2 29. Kf2 Kf8 30. Rc7 Ke8 31. Bc6+ Kd8 32. Rd7+ Kc8 33. Nb5
1-0

[Event "Kurnosov Memorial 2020"]
[Site "?"]
[Date "2020.09.06"]
[Round "11.10"]
[White "Frolyanov, Dmitry"]
[Black "Romanov, Evgeny"]
[Result "1/2-1/2"]
[WhiteElo "2471"]
[BlackElo "2524"]
[PlyCount "247"]
[EventDate "2020.??.??"]

1. e4 e6 2. d4 d5 3. Nc3 Bb4 4. e5 c5 5. a3 Bxc3+ 6. bxc3 Qa5 7. Bd2 Qa4 8. h4
Nc6 9. h5 h6 10. Nf3 Nge7 11. dxc5 Qe4+ 12. Be2 Nxe5 13. O-O Nxf3+ 14. Bxf3 Qc4
15. Be3 e5 16. Rb1 O-O 17. Rb4 Qxc3 18. Bxd5 Qxa3 19. Rb3 Qa4 20. Bxb7 Bxb7 21.
Rxb7 Nf5 22. Qd5 Rad8 23. Qxe5 Nxe3 24. Qxe3 Rd5 25. Qe7 Qxc2 26. Rxa7 Qxc5 27.
Qxc5 Rxc5 28. Rfa1 Rxh5 29. Ra8 g6 30. g3 Rxa8 31. Rxa8+ Kg7 32. Kg2 Rb5 33.
Ra6 h5 34. Rc6 Rb3 35. Ra6 g5 36. Rc6 f6 37. Ra6 Kg6 38. Ra5 Rb8 39. Rc5 Re8
40. Ra5 Re5 41. Ra4 Rb5 42. Rc4 Ra5 43. Rb4 Kf5 44. Rc4 Ke5 45. Rb4 Rd5 46. Rb8
Kf5 47. Rh8 Kg6 48. Rg8+ Kh7 49. Ra8 Rd4 50. Ra5 Kg6 51. Rb5 Rd6 52. Ra5 Rd4
53. Rb5 h4 54. gxh4 Rg4+ 55. Kf3 Rxh4 56. Kg3 Re4 57. Rb8 Ra4 58. Rb6 Ra3+ 59.
Kg2 g4 60. Rc6 Kg5 61. Rc5+ f5 62. Rb5 Rd3 63. Ra5 Kf4 64. Ra4+ Ke5 65. Ra5+
Kf4 66. Ra4+ Kg5 67. Ra5 Rd2 68. Kg3 Re2 69. Rb5 Re1 70. Kg2 Kf4 71. Rb4+ Re4
72. Rb5 Rd4 73. Rb8 Rd3 74. Ra8 Rf3 75. Ra4+ Kg5 76. Ra8 Rc3 77. Ra5 Rh3 78.
Rb5 Ra3 79. Rc5 Kf6 80. Rc6+ Ke5 81. Rc5+ Ke4 82. Rc4+ Kd5 83. Rb4 Ra5 84. Kg3
Ke5 85. Rb3 Ra1 86. Rb5+ Kf6 87. Rc5 Ra3+ 88. Kg2 f4 89. Rc8 Ra2 90. Rf8+ Ke5
91. Re8+ Kd5 92. Rd8+ Ke6 93. Rf8 Ra4 94. Rg8 Kf5 95. Rf8+ Ke4 96. Re8+ Kd3 97.
Rd8+ Rd4 98. Re8 Rd5 99. f3 g3 100. Re4 Rd4 101. Re8 Kd2 102. Rf8 Kd1 103. Kf1
Kd2 104. Kg2 Rc4 105. Rd8+ Kc3 106. Rf8 Rd4 107. Rc8+ Kd3 108. Rf8 Kc4 109.
Rc8+ Kd5 110. Rd8+ Ke5 111. Re8+ Kf6 112. Re2 Rd8 113. Ra2 Rh8 114. Ra6+ Ke5
115. Ra5+ Kd6 116. Ra6+ Kd5 117. Ra5+ Kc6 118. Ra4 Rh4 119. Re4 Kd5 120. Kg1
Kd6 121. Kg2 Kc6 122. Kg1 Kd5 123. Kg2 Kd6 124. Kg1 {Ke5} 1/2-1/2

[Event "Kurnosov Memorial 2020"]
[Site "?"]
[Date "2020.09.06"]
[Round "11.11"]
[White "Fedoseev, Vladimir"]
[Black "Volkov, Sergey"]
[Result "1-0"]
[WhiteElo "2714"]
[BlackElo "2564"]
[PlyCount "83"]
[EventDate "2020.??.??"]

1. e4 e6 2. d4 d5 3. Nc3 Nf6 4. e5 Nfd7 5. Nce2 c5 6. c3 b5 7. f4 b4 8. cxb4
cxb4 9. Nf3 Ba6 10. f5 exf5 11. Nf4 Nb6 12. e6 Bd6 13. Bxa6 Nxa6 14. Qd3 Nc7
15. exf7+ Kxf7 16. O-O Rf8 17. Qxf5+ Kg8 18. Qg4 Qd7 19. Qxd7 Nxd7 20. Nd3 a5
21. Bd2 Nb5 22. Rfe1 Rac8 23. Rac1 Nf6 24. Bf4 Ne4 25. Bxd6 Nbxd6 26. h3 h6 27.
Nde5 Rfe8 28. Nc6 Nc4 29. Nfe5 Kh7 30. Rxe4 dxe4 31. Rxc4 e3 32. Kf1 Rf8+ 33.
Nf3 Rf6 34. d5 Rd6 35. Rc5 a4 36. Ke2 a3 37. b3 Rg6 38. g4 Rf6 39. Rb5 Re8 40.
Nce5 Rd6 41. Kxe3 Rf6 42. Rxb4 1-0